000 00309nam a2200121Ia 4500
008 190216s9999||||xx |||||||||||||| ||und||
100 _aGoel R P
245 0 _aObjective Type & Short Answer- Question In Mathematics
260 _bYoung Man & Co
_c1985
300 _a372
650 _aMathematics
942 _cREF
999 _c35699
_d35699